| 000 | 00574nam a22001457a 4500 | ||
|---|---|---|---|
| 999 |
_c61054 _d61054 |
||
| 005 | 20231212155958.0 | ||
| 008 | 231212s1981 ru ||||| |||| 00| 0 rus d | ||
| 041 | _arus | ||
| 080 | _a016.12(479.22) A-38 | ||
| 245 | _aАкадемия Наук Грузинской ССР = Academy of sciences of the Georgian SSR. | ||
| 264 |
_aТбилиси : _bМецниереба, _c1981. |
||
| 300 |
_a416 с.: _bил.; _c 23 см. |
||
| 653 | _aსაქართველოს სსრ მეცნიერებათა აკადემია | ||
| 942 |
_2udc _cᲬᲘᲒᲜᲘ |
||